Las 100 ciudades más pobladas de Argentina en un mapa - Estadísticas

Estadísticas generales
  • Esta prueba ha sido intentada 2.838 veces
  • La puntuación promedio es 39 de 100
Respuestas en el mapa
Las respuestas están codificadas por una escala verde-roja en el mapa de la prueba según el % correcto abajo.
 
Estadísticas de respuestas
Respuesta Población Total % Correcto
Gran Buenos Aires 13.588.222
97%
Gran Córdoba 1.454.645
93%
Gran Rosario 1.236.089
89%
Gran La Plata 787.294
81%
Gran Mendoza 937.154
80%
Gran San Miguel de Tucumán 794.327
79%
Gran Salta 539.187
77%
Gran Santa Fe 490.171
76%
Gran San Juan 461.213
75%
Gran San Salvador de Jujuy 310.106
74%
Mar del Plata 541.733
74%
San Carlos de Bariloche 109.305
71%
Santiago del Estero/La Banda 358.633
70%
Gran San Luis 182.414
69%
Ushuaia 56.593
69%
Gran Bahía Blanca 291.327
67%
Neuquén/Plottier/Cipoletti 341.301
67%
Formosa 222.226
66%
Gran Corrientes 346.334
65%
La Rioja 178.872
65%
Gran Catamarca 195.055
63%
Gran Posadas 319.469
62%
Gran Resistencia 385.726
61%
Gran Santa Rosa 114.486
61%
Gran Paraná 264.076
57%
Río Gallegos 95.796
55%
Viedma 73.322
53%
Gran Río Cuarto 163.048
52%
Puerto Iguazú 41.062
48%
Tandil 116.916
47%
Gualeguay 40.507
45%
Puerto Madryn 81.315
45%
Comodoro Rivadavia 175.196
44%
San Rafael 118.018
42%
Villa Carlos Paz 69.840
42%
Gualeguaychú 82.644
41%
Río Tercero 46.421
41%
Trelew 97.915
40%
Río Segundo/Pilar 34.423
39%
San Martín/La Colonia 88.879
39%
Zárate 98.522
38%
Junín 87.509
37%
Necochea/Quequén 84.784
37%
Río Grande 66.475
37%
San Nicolás de los Arroyos 145.857
37%
Luján 97.363
36%
Reconquista/Avellaneda 93.890
36%
Venado Tuerto 76.432
36%
Azul 55.728
35%
Concordia 149.450
35%
Rafaela 92.945
35%
Concepción del Uruguay 72.528
33%
Concepción de Tucumán 50.375
33%
Olavarría 89.721
33%
Campana 86.860
31%
Mercedes 33.551 | 56.116
31%
San Pedro de Buenos Aires 47.452
31%
San Pedro de Jujuy 59.131
31%
Villa María/Villa Nueva 98.169
31%
General Pico 56.795
30%
Pergamino 91.399
29%
General Roca 81.534
28%
Chascomús 33.607
27%
Cosquín/Santa María de Punilla 37.273
26%
San Francisco 74.060
26%
Villa Mercedes 111.391
26%
Oberá 63.960
25%
Balcarce 38.376
24%
Chivilcoy 58.152
24%
Clorinda 52.837
24%
Chilecito 33.724
23%
Goya 77.349
23%
Tres Arroyos 46.867
23%
Caleta Olivia 51.733
22%
San Ramón de la Nueva Orán 76.070
22%
Nueve de Julio 36.494
21%
Presidencia Roque Sáenz Peña 89.882
21%
Trenque Lauquen 33.442
21%
La Falda 35.821
20%
Alta Gracia 48.140
18%
Eldorado 57.323
18%
Chacabuco 38.418
17%
Cutral Có/Plaza Huincul 48.637
17%
Jesús María/Colonia Caroya 47.770
17%
Paso de los Libres 43.251
17%
Tartagal 63.196
17%
Bragado 33.222
16%
Punta Alta 58.315
16%
Tafí Viejo 39.601
16%
Bell Ville 34.439
15%
Curuzú Cuatiá 34.470
15%
Villa Constitución 47.903
15%
Casilda 35.058
13%
Esperanza 42.082
13%
Perico 44.750
13%
Villa Dolores/Villa Sarmiento 47.793
12%
Centenario 32.928
10%
Libertador General San Martín 46.642
10%
Villa Ángela 41.403
10%
No se encontraron pruebas coincidentes
Distribución de puntuación
Porcentaje de gente con cada puntuación
Porcentaje por número respondido
Historial de tus puntuaciones
No has intentado esta prueba.